000 01378nam a22004097a 4500
001 0007024
003 KOHA_MİRAKIL
005 20260207001542.0
007 ta
008 090807b1997 tu |||gr||||#0|||0|tur |
020 _a9754823715
_c0,01
040 _aTR-BiSEU
_btur
_cTR-BiSEU
_erda
041 0 _atur
044 _ctu
050 _aDR435.A76
_bI48 1997
100 1 _aİlter, Erdal.
245 1 _aTürk-Ermeni ilişkileri bibliyografyası/
_cErdal İlter ; Erdal İlter.
264 1 _aAnkara :
_bAnkara Üniversitesi, c1997.
_c1997
300 _a300 sayfa
336 _ametin
_btxt
_2rdacontent
337 _aaracısız
_bn
_2rdamedia
338 _acilt
_bnc
_2rdacarrier
490 1 _aAnkara Üniversitesi.
490 1 _aOsmanlı Tarihi Araştırma ve Uygulama Merkezi yayınları ;
_vno.
490 1 _a4.
650 0 _aArmenians--Turkey--Bibliography.
_917333
650 0 _aArmenian question--Bibliography.
_917334
650 0 _aTurkey--Ethnic relations--Bibliography.
_917335
650 0 _aErmeniler--Türkiye--Bibliyografya.
_917336
650 0 _aErmeni sorunu--Bibliyografya.
_917337
650 0 _aTürkiye--Etnik ilişkiler--Bibliyografya.
_917338
830 1 _aAnkara Üniversitesi.
_96714
830 1 _aOsmanlı Tarihi Araştırma ve Uygulama Merkezi yayınları ;
_vno.
_917339
830 1 _a4.
_98177
907 _aTarih
942 _2lcc
_cBK
999 _c7005
_d7005